Online
Catalog

Tiburón / (Record no. 34819)

MARC details
000 -CABECERA
campo de control de longitud fija 00412nam a2200157 a 4500
001 - NÚMERO DE CONTROL
campo de control 000035328
005 - FECHA Y HORA DE LA ÚLTIMA TRANSACCIÓN
campo de control 20200930074248.0
008 - DATOS DE LONGITUD FIJA--INFORMACIÓN GENERAL
campo de control de longitud fija 111027s1973 sp 000 0 spa d
020 ## - NÚMERO INTERNACIONAL ESTÁNDAR DEL LIBRO
Número Internacional Estándar del Libro 8422605368
040 ## - FUENTE DE LA CATALOGACIÓN
Centro catalogador/agencia de origen DO-SdBNP
Lengua de catalogación spa
Centro/agencia transcriptor BNPHU
082 ## - NÚMERO DE LA CLASIFICACIÓN DECIMAL DEWEY
Número de clasificación xxxx
Número de documento/Ítem xxxx
100 1# - ENTRADA PRINCIPAL--NOMBRE DE PERSONA
Nombre de persona Benchley, Peter
9 (RLIN) 61101
245 10 - MENCIÓN DE TÍTULO
Título Tiburón /
Mención de responsabilidad, etc. Peter Benchley.
260 ## - PUBLICACIÓN, DISTRIBUCIÓN, ETC.
Lugar de publicación, distribución, etc. Barcelona, :
Nombre del editor, distribuidor, etc. Pomaire,
Fecha de publicación, distribución, etc. 1973.
300 ## - DESCRIPCIÓN FÍSICA
Extensión 349 p. ;
Dimensiones 22 cm.
Holdings
Estado de retiro Estado de pérdida Restricciones de uso No para préstamo Código de colección Localización permanente Ubicación/localización actual Ubicación en estantería Fecha de adquisición Número de inventario Total de préstamos Signatura topográfica completa Código de barras Fecha visto por última vez Precio válido a partir de Tipo de ítem Koha Nota pública Número de copia
      Excluido de préstamo Monografías: Libros y Folletos General General Depósito 27.10.2011 LF1   xxxx xxxx 35328-10 25.06.2020 25.06.2020 No se presta Perteneció a la biblioteca personal de Juan Isidro Jimenes Grullón.  
      Excluido de préstamo Monografías: Libros y Folletos General General Depósito 30.10.2013 LF1   xxxx xxxx 35328-20 25.06.2020 25.06.2020 No se presta   e. 2

Powered by Koha